<?xml version="1.0" encoding="UTF-8"?><marc:collection xmlns:marc="http://www.loc.gov/MARC21/slim">
  <marc:record>
    <marc:leader>00000nam##2200000za#4500</marc:leader>
    <marc:controlfield tag="001">9.646906</marc:controlfield>
    <marc:controlfield tag="003">CaOODSP</marc:controlfield>
    <marc:controlfield tag="005">20200330125950</marc:controlfield>
    <marc:controlfield tag="007">ta</marc:controlfield>
    <marc:controlfield tag="008">150407|1998||||xxc|||||     f|0| 0 eng|d</marc:controlfield>
    <marc:datafield tag="020" ind1=" " ind2=" ">
      <marc:subfield code="a">0-662-26728-1</marc:subfield>
    </marc:datafield>
    <marc:datafield tag="040" ind1=" " ind2=" ">
      <marc:subfield code="a">CaOODSP</marc:subfield>
      <marc:subfield code="b">eng</marc:subfield>
    </marc:datafield>
    <marc:datafield tag="043" ind1=" " ind2=" ">
      <marc:subfield code="a">n-cn---</marc:subfield>
    </marc:datafield>
    <marc:datafield tag="086" ind1="1" ind2=" ">
      <marc:subfield code="a">H46-2/98-211-2E</marc:subfield>
    </marc:datafield>
    <marc:datafield tag="110" ind1="1" ind2=" ">
      <marc:subfield code="a">Canada.</marc:subfield>
      <marc:subfield code="b">Health Canada. </marc:subfield>
      <marc:subfield code="b">Environmental Health Directorate.</marc:subfield>
    </marc:datafield>
    <marc:datafield tag="245" ind1="1" ind2="4">
      <marc:subfield code="a">The health and environment handbook for health professionals : </marc:subfield>
      <marc:subfield code="b">health and environment / </marc:subfield>
      <marc:subfield code="c">Prepared by the Great Lakes Health Effects Program, in cooperation with the Public Health Branch, Ontario Ministry of Health. </marc:subfield>
    </marc:datafield>
    <marc:datafield tag="260" ind1=" " ind2=" ">
      <marc:subfield code="a">Ottawa - Ontario : </marc:subfield>
      <marc:subfield code="b">Health Canada. </marc:subfield>
      <marc:subfield code="c">1998.</marc:subfield>
    </marc:datafield>
    <marc:datafield tag="300" ind1=" " ind2=" ">
      <marc:subfield code="a">388p. in various pagings. : </marc:subfield>
      <marc:subfield code="b">figs., references, tables ; </marc:subfield>
      <marc:subfield code="c">28 cm.</marc:subfield>
    </marc:datafield>
    <marc:datafield tag="500" ind1=" " ind2=" ">
      <marc:subfield code="a">"The handbook has been prepared primarily as a resource for health professionals working in Ontario communities. Examples of health related research are frequently taken from studies on the health effects of contaminants found in the Great Lakes basin. However, the concepts are general and can be applied in any community concerned about human exposure to pollution."--Page 6. Errata sheet inserted. Contents: Preface.--1. Overview: Human Health Effects of Environmental Contaminants.--2. Risk.--3. Contaminants.--4. Exposure.--5. Dose and Response for Chemicals.--6. Water Quality.--7. Outdoor Air Quality and Human Health.--8. Food Quality.--9. Soil Quality.--10. Home Environments.--11. Glossary.--12. Index.--13. Bibliography.--Resource Guide.--Contaminant Profiles.</marc:subfield>
    </marc:datafield>
    <marc:datafield tag="520" ind1="3" ind2=" ">
      <marc:subfield code="a">The handbook has been prepared primarily as a resource for health professionals working in Ontario communities. Examples of health related research are frequently taken from studies on the health effects of contaminants found in the Great Lakes basin. However, the concepts are general and can be applied in any community concerned about human exposure to pollution.--Page 6</marc:subfield>
    </marc:datafield>
    <marc:datafield tag="563" ind1=" " ind2=" ">
      <marc:subfield code="a">Spiral binding</marc:subfield>
    </marc:datafield>
    <marc:datafield tag="590" ind1=" " ind2=" ">
      <marc:subfield code="a">98-36</marc:subfield>
      <marc:subfield code="b">1998-09-04</marc:subfield>
    </marc:datafield>
    <marc:datafield tag="690" ind1="0" ind2="7">
      <marc:subfield code="a">Occupational health</marc:subfield>
      <marc:subfield code="2">gcpds</marc:subfield>
    </marc:datafield>
    <marc:datafield tag="775" ind1="0" ind2="8">
      <marc:subfield code="t">Manuel sur la santé et l'environnement à l'intention des professionnels de la santé : </marc:subfield>
      <marc:subfield code="w">(CaOODSP)9.680399</marc:subfield>
    </marc:datafield>
    <marc:datafield tag="776" ind1="0" ind2="#">
      <marc:subfield code="t">The health and environment handbook for health professionals : </marc:subfield>
      <marc:subfield code="w">(CaOODSP)9.695394</marc:subfield>
    </marc:datafield>
  </marc:record>
</marc:collection>
